000 00483nam a2200193Ia 4500
008 101110s9999 xx 000 0 und d
041 _aENGLISH
082 _bSR12740
_a657.3
100 _aChokshi M.M.
245 _aText book of Financial Accounting
365 _b25
520 _aCommerce
546 _aENGLISH
630 _aText book of Financial Accounting
650 _aCommerce
655 _aCommerce
730 _aText book of Financial Accounting
942 _cBOOK
999 _c807127
_d807124